| 000 | 00000nam##2200000za#4500 |
| 001 | 9.643942 |
| 003 | CaOODSP |
| 005 | 20210624224418 |
| 007 | cr ||||||||||| |
| 008 | 150407|2005||||xxc|||||o f|0| 0 fre|d |
| 040 | |aCaOODSP|bfre |
| 043 | |an-cn--- |
| 086 | 1 |aV32-151/2005F-PDF |
| 110 | 1 |aCanada. |bAnciens combattants Canada. |
| 245 | 13|aLe Canada se souvient - les Forces canadiennes dans les Balkans |h[ressource électronique] |
| 260 | |aCharlottetown - Ile du Prince-Édouard : |bAnciens Combattants Canada |cc2005. |
| 300 | |a3p. |
| 500 | |aLe n° de catalogue (V32-151/2005) de l'édition imprimée bilingue a été copié dans l'édition électronique. |
| 590 | |a14-17-Supp|b2014-10-09 |
| 691 | 07|aAncien combattant|2gcpds |
| 775 | 08|tCanada remembers - the Canadian Forces in the Balkans |w(CaOODSP)9.700027 |
| 776 | 0#|tThe Canadian Forces in the Balkans |w(CaOODSP)9.666541 |
| 776 | 0#|tLes Forces canadiennes dans les Balkans |w(CaOODSP)9.666542 |
| 856 | 40|ahttp://publications.gc.ca|qPDF|s708 Ko|uhttps://publications.gc.ca/collections/collection_2014/acc-vac/V32-151-2005-fra.pdf |